1671 1936 1522 1199 1206 1504 1917 1516 1958 1994 1281 1304 1723 1604 1435 1324 1282 1862 1930 1821 1696 1482 1497 1405 1748 1566 1304 1094 1570 1825 1059 1111 1409 1146 1033 1474 1291 1342 1955 1243 1146 1732 1680 1477 1525 1255 1450 1927 1338 1198 1041 1102 1629 1121 1191 1286 1173 1788 1844 1103 1566 1954 1724 1877 1955 1435 1748 1328 1982 1960 1813 1512 1264 1840 1565 1477 1300 1147 1311 1087 1098 1260 1059 1221 1037 1215 1428 1837 1026 1801 1619 1722 1709 1944 1893 1285 1553 1837 1134 BCNSPRNW ULIB Ver.6.0+V

เปลี่ยนเป็นภาษาไทย

Change to English
 แสดงรายละเอียดบรรณานุกรม
  กลับหน้าหลัก

Brief Record : Get Marc (ISO 2709) : E-mail record : QR code < ปิดหน้าต่าง
LEADER : 00000nam 2200000uu 4500
001    13399110518
003     ULIB
008    110602s2009||||th 000 0 eng d
020    0335234631
024    9780335234639
060  0 WY159^bD360n 2009
245 00 Nursing in child and adolescent mental health/^cEdited by Nisha Dogra and Sharon Leighton
260    England:^bMcGraw-Hill,^c2009
300    200 p.
650  7 Nursing in child
650  7 Nursing in Adolescent
650  7 Mental Health
945    ^p1600^l0^i030111
995    Kesorn
999 ^a ใช้งานได้ทุกระบบ
รายการนี้ยังไม่มีแท็ก
คุณยังไม่ได้ล็อกอิน คุณสามารถมีกิจกรรมร่วมกับเว็บไซต์ได้ แต่ต้องล็อกอินก่อน ::
  ล็อกอิน

รายการสื่อสารสนเทศ

ลำดับที่ ประเภท เลขเรียก/บาร์โค้ด สถานที่ สถานะ
- ไม่พบข้อมูล -

รายการใกล้เคียง
    หัวเรื่อง [Mental Health]

BibComment


ยังไม่เคยถูกคอมเมนท์

คอมเมนท์ทรัพยากรรายการนี้
  คอมเมนท์: Nursing in child ..


 Copyright 2026. Bcnsprnw @Library